00612nam a2200193Ia 4500008004100000020001800041082001200059100002200071245003500093250000700128260004700135300002300182500001900205600002000224650002000244942000700264952013000271999001700401240925s9999 xx 000 0 und d a9788121922593 a390 ROY aRoy, Indrani Basu 0aAnthropology: the study of man aNA aNew Delhi:bS. Chand & Company LTDc,2016. a373p.b0fOriginal aIncludes Index aSocial Sciences aSocial Sciences cBK 001040708SSaUITUbUITUd2019-01-22eAllied Book Companyg1914.66l0o390 ROYpQ14113r2024-09-25 07:17:10w2024-09-25yBK c16612d16612